000 00590nam a2200205Ia 4500
003 GCL
008 140319s9999 xx 000 0 ara d
040 _aGCL /
_cGCL
082 0 4 _a813.008012
_bث م
100 1 _aثروت اباظة
245 1 0 _aمؤلفات ثروت اباظة /
_cثروت اباظة
260 _a[S.N] :
_bالهيئة المصرية العامة للكتاب ،
_c1987
300 _a598 ص
490 _a
650 0 4 _aالادب العربى
650 0 4 _aالقصص العربية
650 0 4 _aمصر
650 0 4 _aالمجموعات
942 _2ddc
_cBK
999 _c30218
_d30218